000
00339nam a2200133Ia 4500
008
240624s9999 xx 000 0 und d
041
_a
eng
082
_a
658.8 ELE
100
_a
3G LEARNING
245
_a
BUSINESS TO BUSINESS MARKETING
260
_c
2015
_a
United Kingdom
_b
3G Learning
300
_a
vii, 277 p.; 23 cm.
365
_c
RS
_b
38
999
_c
31054
_d
31054